Liberalizace energetického trhu v EU a pozice České republiky
Energetická politika EÚ po Lisabonskej dohode. Vnútorný trh a jeho liberalizácia. Ruské odmietanie liberalizácie energetického trhu v EÚ. Liberalizácia európskeho energetického trhu v záujme Českej republiky. Postoj Českej republiky k liberalizácii energetického trhu.
Guardado en:
| Autor principal: | |
|---|---|
| Formato: | Capítulo de libro |
| Lenguaje: | checo |
| Materias: | |
| Etiquetas: |
Sin Etiquetas, Sea el primero en etiquetar este registro!
|
MARC
| LEADER | 00000naa a2200000 4500 | ||
|---|---|---|---|
| 001 | 0146527 | ||
| 005 | 20231204125218.6 | ||
| 041 | 0 | |a cze | |
| 044 | |a CZ | ||
| 245 | 1 | 0 | |a Liberalizace energetického trhu v EU a pozice České republiky |c Lukáš Tichý |
| 520 | |a Energetická politika EÚ po Lisabonskej dohode. Vnútorný trh a jeho liberalizácia. Ruské odmietanie liberalizácie energetického trhu v EÚ. Liberalizácia európskeho energetického trhu v záujme Českej republiky. Postoj Českej republiky k liberalizácii energetického trhu. | ||
| 610 | 2 | 0 | |a bezpečnosť energetická |
| 610 | 2 | 0 | |a Európska únia |
| 610 | 2 | 0 | |a Česko |
| 610 | 2 | 0 | |a Rusko |
| 610 | 2 | 0 | |a trh energetický |
| 610 | 2 | 0 | |a liberalizácia |
| 100 | 1 | |a Tichý, Lukáš | |